Pendekatan spiritual : Pendekatan terbaik menangani permasalahan hidup

Bibliographic Details
Main Author: Rosinah Ali
Format: Book
Language:Malay
Published: Selangor : National Institute of Valuation(INSPEN)
Subjects:

MARC

LEADER 00000cam a2200000 7i4500
001 0000025774
005 20150306.0
008 150205 my # may
040 |a INS 
090 0 0 |a KK417 
100 1 |a Rosinah Ali 
245 1 0 |a Pendekatan spiritual : Pendekatan terbaik menangani permasalahan hidup   |c Rosinah Ali 
260 |a Selangor :   |b National Institute of Valuation(INSPEN) 
300 |a 1v. ;   |c 30cm. 
650 0 |a Counseling   |x Pschological aspects 
999 |a KK00000923   |b BOOK   |c Project papers   |e Default branch